| 000 | 01078nam a2200289 i 4500 | ||
|---|---|---|---|
| 003 | DO-SdBNP | ||
| 005 | 20260216133452.0 | ||
| 007 | ta | ||
| 008 | 230613e2024 dr a|||b |||| 00| 1 spa d | ||
| 020 | _a9789945510676 | ||
| 040 |
_aDO-SdBNP _bspa _cBNPHU _erda |
||
| 041 | _aspa | ||
| 082 | 4 |
_axxx _bS236t _222 |
|
| 100 | 1 |
_aSantis, Geraldine de, _eautor _4aut. _943394 |
|
| 245 | 1 | 3 |
_aLa temible banda de los atracadores de sueños / _cGéraldine de Santis ; corrección, María del Carmen Vicente |
| 264 | 4 |
_aSanto Domingo : _bMinisterio de Cultura; _bEditora Nacional, _c©2024. |
|
| 300 |
_a182 páginas : _bIlustraciones ; _c21 cm |
||
| 336 |
_atexto _btxt _2rdacontent |
||
| 337 |
_asin mediación _bn _2rdamedia |
||
| 338 |
_avolumen _bnc _2rdacarrier |
||
| 500 | _aIncluye datos biográficos del autor en la solapa de la cubierta | ||
| 586 | _aPremio Anual de Literatura Infantil y Juvenil Aurora Tavárez Belliard 2023. | ||
| 590 | _aInventariado 2025/BT | ||
| 700 | 1 |
_aVicente, María del Carmen, _ecorrector _4corr. _935021 |
|
| 910 | _aBtavárez | ||
| 942 |
_2ddc _cLBS1 |
||
| 999 |
_c59024 _d59024 |
||